BIBLIOTECA PODER JUDICIAL
Portal Judicial TDF

Error sobre la edad del sujeto pasivo en los delitos de abuso sexual y principio de congruencia : (Registro nro. 6095)

000 -LEADER
fixed length control field 01536nab a22002177a 4500
003 - CONTROL NUMBER IDENTIFIER
control field OSt
005 - DATE AND TIME OF LATEST TRANSACTION
control field 20260122070438.0
008 - FIXED-LENGTH DATA ELEMENTS--GENERAL INFORMATION
fixed length control field 190502c xxu||||| |||| 00| 0 spa d
040 ## - CATALOGING SOURCE
Transcribing agency PJ
100 ## - MAIN ENTRY--PERSONAL NAME
Personal name Santoianni, Juan Pablo
9 (RLIN) 6636
245 10 - TITLE STATEMENT
Title Error sobre la edad del sujeto pasivo en los delitos de abuso sexual y principio de congruencia :
Remainder of title el fallo “F. M. C. V.” /
Statement of responsibility, etc Juan Pablo Santoianni.
260 ## - PUBLICATION, DISTRIBUTION, ETC. (IMPRINT)
Place of publication, distribution, etc Ciudad Autónoma de Buenos Aires :
Name of publisher, distributor, etc Thomson Reuters La Ley,
Date of publication, distribution, etc 2024.
300 ## - PHYSICAL DESCRIPTION
Extent p. 48-58
505 ## - FORMATTED CONTENTS NOTE
Formatted contents note Sumario: I. Introducción.— II. Aspectos centrales del fallo “F. M. C. V.”.— III. Distintas posturas sobre el error acerca de la edad del sujeto pasivo en los delitos de abuso sexual.— IV. Nuestra posición: estupro consumado con necesidad de puntual intimación respecto del “aprovechamiento de la inmadurez sexual”.— V. Contenido de la acusación y principio de congruencia en los supuestos de error sobre la edad de la víctima.— VI. El error sobre la edad de la víctima y el principio de congruencia en el fallo “F. M., C. V.”.— VII. Conclusión.<br/>
505 ## - FORMATTED CONTENTS NOTE
Formatted contents note Fallo comentado: CCrim. 2a Nom., Catamarca, 15/03/2022. - F. M. C. V.
505 ## - FORMATTED CONTENTS NOTE
Title ¿Te interesa el texto completo? Solicitalo al correo: koha@justierradelfuego.gov.ar
650 #0 - SUBJECT ADDED ENTRY--TOPICAL TERM
9 (RLIN) 343
Topical term or geographic name as entry element DERECHO PENAL
650 #0 - SUBJECT ADDED ENTRY--TOPICAL TERM
9 (RLIN) 4467
Topical term or geographic name as entry element ABUSO SEXUAL CALIFICADO POR ACCESO CARNAL
773 0# - HOST ITEM ENTRY
Host Biblionumber 2729
Host Itemnumber 3180
Place, publisher, and date of publication Buenos Aires : LexisNexis, 2006-
Title Revista de derecho penal y procesal penal. Nº 10 - Octubre 2024
International Standard Book Number 9875920622
942 ## - ADDED ENTRY ELEMENTS (KOHA)
Source of classification or shelving scheme
Koha item type Analítica Artículo de Revista

No hay ítems disponibles.

12 de Octubre 789 Ushuaia - Tel:  54(02901)441571
Horario de Atención: 8.00 a 17.00 hs. 
bibliotecaush@justierradelfuego.gov.ar
koha@justierradelfuego.gov.ar
Seguinos en nuestras redes @bibliojustdf 

Con tecnología Koha